| 000 | 013560000a22001810004500 | ||
|---|---|---|---|
| 082 | 0 | 4 | _aG 266.001 M67834m |
| 245 | 1 | 0 | _aMisión y globalización / Editado por Richard Tiplady |
| 260 | _aPasadena, E.U. : COMIBAM | ||
| 300 | _a279 p. | ||
| 500 | _aTítulo original: One world or many? the impact of globalisation on mission | ||
| 505 | 0 | 0 | _aAspectos principales: Globalización y economía / Rut Valero -- Cultura de la tecnología y cultura del terror / Sam George -- multiculturalismo y pluralización / David Lundy -- Temas específicos: Evangelio, la globalización y la etnicidad / Miriam Andeney -- Motosierras, aviones y dragones, la globalización y el medio ambiente / Ruth Valerio -- La globalización, las mujeres y la obra misionera / Rose Dowsett -- Un vistazo a la perspectiva del mundo en desarrollo / Fiona Wilson -- Misiones: La religión y el futuro del cristianismo en la aldea global / Bullus Galadima -- Lecciones sobre el compromiso de la teología de la globalización / Warren Beattie -- La globalización y la iglesia / Alex Araujo. |
| 650 | 1 | 4 | _aMISION CRISTIANA - GLOBALIZACION \ CRISTIANISMO Y CULTURA \ MISION CRISTIANA - POSTMODERNISMO \ EVANGELIZACION - GLOBALIZACION |
| 001 | 17785 | ||
| 942 | _cBK | ||
| 999 |
_c44352 _d44352 |
||
| 336 |
_atexto _btxt _2rdacontent |
||
| 337 |
_2rdamedia _asin mediación _bn |
||
| 338 |
_2rdacarrier _avolumen _bnc |
||